000 00455nam a2200181Ia 4500
001 14434
005 20260306164914.0
008 260306t2008||||xx |||||||||||||| ||spa||
041 _aESP
082 _a515
_bF41
100 _aFernández Alonso, Alfredo
_eAUT
245 0 _aCurso de cálculo infinitesimal en forma de problemas
260 _c2008
300 _a675 páginas :
_c24 cm.
650 _aGEN
654 _aCMA
942 _cLIB
_dJUS
_fJUS
_2ddc
_n
999 _c14434
_d14434